000 00852nam a22002417a 4500
001 56356
003 BD-RjUL
005 20230227121619.0
008 161128s1968 bg ||||| |||| 001 0 ben d
020 _c: TK 14.00
035 _a(BD-RjUL)56480
040 _aBD-RjUL
_bben
_cBD-RjUL
041 _aben
082 _a891.4407
_bGHB 1968
100 _aঘোষ, অজিতকুমার
_9121928
245 1 0 _aবঙ্গ সাহিত্যে হাস্যরসের ধারা /
_cঅজিতকুমার ঘোষ
250 _a২য় সং .
260 _aকলিকাতা :
_bভারতী লাইব্রেরী,
_c১৯৬৮
300 _a৩৭৬ পৃ. ;
_c২৪ সেমি.
650 _aবাংলা হাস্যরস
_9164412
650 _aBengali Joke
_9164413
942 _2ddc
_cBK
999 _c56356
_d56356